<?xml version="1.0" encoding="UTF-8"?>
<record
    xmlns:xsi="http://www.w3.org/2001/XMLSchema-instance"
    xsi:schemaLocation="http://www.loc.gov/MARC21/slim http://www.loc.gov/standards/marcxml/schema/MARC21slim.xsd"
    xmlns="http://www.loc.gov/MARC21/slim">

  <leader>01226nam a2200193 a 4500</leader>
  <controlfield tag="001">000037485</controlfield>
  <controlfield tag="005">20200930080407.0</controlfield>
  <controlfield tag="008">120420s1978    sp a          000 0 spa d</controlfield>
  <datafield tag="040" ind1=" " ind2=" ">
    <subfield code="a">DO-SdBNP</subfield>
    <subfield code="b">spa</subfield>
    <subfield code="c">BNPHU</subfield>
  </datafield>
  <datafield tag="082" ind1=" " ind2=" ">
    <subfield code="a">xxxx</subfield>
    <subfield code="b">B562a, 1978</subfield>
  </datafield>
  <datafield tag="100" ind1="1" ind2=" ">
    <subfield code="a">Betancourt, Samuel Romero</subfield>
    <subfield code="9">63928</subfield>
  </datafield>
  <datafield tag="245" ind1="1" ind2="3">
    <subfield code="a">La administraci&#xF3;n de personal y su aplicaci&#xF3;n pr&#xE1;ctica en la empresa moderna /</subfield>
    <subfield code="c">Samuel Romero Betancourt.</subfield>
  </datafield>
  <datafield tag="250" ind1=" " ind2=" ">
    <subfield code="a">2a ed.</subfield>
  </datafield>
  <datafield tag="260" ind1=" " ind2=" ">
    <subfield code="a">M&#xE9;xico :</subfield>
    <subfield code="b">Editorial Continental,</subfield>
    <subfield code="c">1978.</subfield>
  </datafield>
  <datafield tag="300" ind1=" " ind2=" ">
    <subfield code="a">126 p. :</subfield>
    <subfield code="b">il., diagrs., tablas ;</subfield>
    <subfield code="c">23 cm.</subfield>
  </datafield>
  <datafield tag="500" ind1=" " ind2=" ">
    <subfield code="a">Incluye datos biogr&#xE1;ficos del autor en la contracubierta</subfield>
  </datafield>
  <datafield tag="505" ind1="0" ind2=" ">
    <subfield code="a">La influencia de la administraci&#xF3;n t&#xE9;cnica del personal en la empresa moderna --</subfield>
    <subfield code="t">Posiciones y funciones del departamento de personal --</subfield>
    <subfield code="t">El an&#xE1;lisis de puestos operativos --</subfield>
    <subfield code="t">El an&#xE1;lisis de puestos ejecutivos --</subfield>
    <subfield code="t">La valuaci&#xF3;n de puestos: antecedentes y el m&#xE9;todo de puntos --</subfield>
    <subfield code="t">Reclutamiento y selecci&#xF3;n t&#xE9;cnica de personal --</subfield>
    <subfield code="t">Adiestramiento y capacitaci&#xF3;n de trabajadores --</subfield>
    <subfield code="t">Planeaci&#xF3;n de un programa de capacitaci&#xE9;n para ejecutivos --</subfield>
    <subfield code="t">Calificaci&#xF3;n de m&#xE9;ritos --</subfield>
    <subfield code="t">Las relaciones humanas en la empresa --</subfield>
    <subfield code="t">La motivaci&#xF3;n de los ejecutivos.</subfield>
  </datafield>
  <datafield tag="590" ind1=" " ind2=" ">
    <subfield code="a">Inventariado, 2019 /LP</subfield>
  </datafield>
  <datafield tag="952" ind1=" " ind2=" ">
    <subfield code="0">0</subfield>
    <subfield code="1">0</subfield>
    <subfield code="5">0</subfield>
    <subfield code="7">1</subfield>
    <subfield code="8">MO</subfield>
    <subfield code="a">GR</subfield>
    <subfield code="b">GR</subfield>
    <subfield code="c">HD</subfield>
    <subfield code="d">2012-04-20</subfield>
    <subfield code="i">LF1</subfield>
    <subfield code="l">0</subfield>
    <subfield code="o">xxxx B562a, 1978</subfield>
    <subfield code="p">37485-10</subfield>
    <subfield code="r">2020-06-25</subfield>
    <subfield code="w">2020-06-25</subfield>
    <subfield code="y">1</subfield>
    <subfield code="Z">No se presta</subfield>
  </datafield>
  <datafield tag="999" ind1=" " ind2=" ">
    <subfield code="c">36975</subfield>
    <subfield code="d">36975</subfield>
  </datafield>
</record>
